Guide to elliptic curve cryptography (Record no. 23969)

000 -LEADER
fixed length control field 00205nam a22000737a 4500
003 - CONTROL NUMBER IDENTIFIER
control field Nust
005 - DATE AND TIME OF LATEST TRANSACTION
control field 20170308113752.0
008 - FIXED-LENGTH DATA ELEMENTS--GENERAL INFORMATION
fixed length control field 140429b xxu||||| |||| 00| 0 eng d
010 ## - LIBRARY OF CONGRESS CONTROL NUMBER
LC control number 2003059137
020 ## - INTERNATIONAL STANDARD BOOK NUMBER
Terms of availability Available
International Standard Book Number 038795273-x
040 ## - CATALOGING SOURCE
Original cataloging agency DLC
Language of cataloging DLC
Transcribing agency RCMS
082 ## - DEWEY DECIMAL CLASSIFICATION NUMBER
Classification number 005.82 HAN
100 ## - MAIN ENTRY--PERSONAL NAME
Personal name Hankerson, Darrel R.
245 ## - TITLE STATEMENT
Title Guide to elliptic curve cryptography
260 ## - PUBLICATION, DISTRIBUTION, ETC.
Place of publication, distribution, etc. New - York
Name of publisher, distributor, etc. Springer
Date of publication, distribution, etc. c2004
300 ## - PHYSICAL DESCRIPTION
Extent xx,309,p:
Other physical details ill
Dimensions 25,cm.
650 ## - SUBJECT ADDED ENTRY--TOPICAL TERM
Topical term or geographic name entry element 1.Computer Security 2. Public Key Cryptography
856 ## - ELECTRONIC LOCATION AND ACCESS
Materials specified Table of content only
942 ## - ADDED ENTRY ELEMENTS (KOHA)
Source of classification or shelving scheme
Koha item type Book
Holdings
Withdrawn status Lost status Source of classification or shelving scheme Damaged status Not for loan Permanent Location Current Location Shelving location Date acquired Full call number Barcode Date last seen Price effective from Koha item type
          NUST Baluchistan Campus (NBC) NUST Baluchistan Campus (NBC) General Stacks 04/29/2014 005.8HAN RCMS000395 04/29/2014 04/29/2014 Book
          NUST Baluchistan Campus (NBC) NUST Baluchistan Campus (NBC) General Stacks 04/29/2014 005.8HAN RCMS000396 04/29/2014 04/29/2014 Book
© 2023 Central Library, National University of Sciences and Technology. All Rights Reserved.